L'album POIZON de Marso - Statistiques

Statistiques générales
  • Ce quiz a été pris 8 fois
  • Le résultat moyen est 5 sur 7
Statistiques - réponses
Réponse % Correct
Empoisonnée
100%
Sex
100%
Distant
75%
Last Night
75%
100 Fois (feat. Souv)
50%
Dans ma tête (feat. Souv)
50%
Mauvais choix
50%
Aucun quiz correspondant
Distribution des résultats
% des personnes avec chaque résultat
Percentile par nombre de réponses
Votre historique - résultats
Vous n’avez pas pris ce quiz